Turning the tables

Đã lưu trong:
書目詳細資料
主要作者: Burstein, Daniel
格式: 圖書
語言:Undetermined
出版: New York Simon & Schuster 1993
主題:
標簽: 添加標簽
沒有標簽, 成為第一個標記此記錄!
Thư viện lưu trữ: Trung tâm Học liệu Trường Đại học Cần Thơ
LEADER 00539nam a2200193Ia 4500
001 CTU_79885
008 210402s9999 xx 000 0 und d
082 |a 337.73052 
082 |b B972 
100 |a Burstein, Daniel 
245 0 |a Turning the tables 
245 0 |c Daniel Burstein 
260 |a New York 
260 |b Simon & Schuster 
260 |c 1993 
650 |a Economic conditions,Foreign economic relations 
650 |z United states,Japan 
904 |i Trọng Hải 
980 |a Trung tâm Học liệu Trường Đại học Cần Thơ